Jednotný katolícky spevník S najpotrebnejšími modlitbami pre kresťanov-katolíkov

Bibliographic Details
Format: Book
Language:Slovak
PhysicalDescription:525 s. 14 cm
Published: Trnava Spolok sv. Vojtecha 1949
Edition:16. vyd.
Subjects:

MARC

LEADER 00000nam a2200000 a 4500
001 vtls001162933
003 SK-MaSNL
005 20260301055501.0
008 240226s1949 xo slo
035 |a SNK000105843 
035 |a urn:nbn:sk:snk-am3ibb1 
035 |a urn:nbn:sk:snk-am00e0rs 
035 |a DC8C8756-6873-4000-8500-5932B9B6CA53 
040 |a SNK  |b slo  |c SNK  |e AACR2 
041 0 |a slo 
044 |a xo  |c SK 
080 |a 282:245  |2 1981 
080 |a 245  |2 1981 
245 0 |a Jednotný katolícky spevník  |b S najpotrebnejšími modlitbami pre kresťanov-katolíkov 
250 |a 16. vyd. 
260 |a Trnava  |b Spolok sv. Vojtecha  |c 1949 
300 |a 525 s.  |c 14 cm 
650 0 7 |a spevníky katolícke  |2 SNK  |9 369174 
954 |a duchovná literatúra pôvodná (slovenská)  |2 lita 
958 |a OND 
958 |a EUIPO 
999 |c 613448  |d 615378 
952 |t P60, <03>, [BOOK], {603}  |a SNK  |b SNK  |y PREZ  |7 0  |p 17A0787022  |o snkSE 8718  |i snkK 609/94  |0 0  |1 0  |4 0  |d 1996-07-18  |f 1  |l 0  |r 2005-01-01 00:00:00  |w 2026-02-23 
952 |t P60, <04>, [BOOK], {604}  |a SNK  |b SNK  |y VYP  |7 0  |p 17A0006248  |o snkSE 8718 D1  |i snkK 798/96  |0 0  |1 0  |4 0  |d 1996-07-18  |l 0  |r 2005-01-01 00:00:00  |w 2026-02-23